BIBLIOTECA PODER JUDICIAL
Portal Judicial TDF

El decreto 149/2025 PEN. Implicaciones en la negociación colectiva y su compatibilidad con la doctrina de la OIT / (Registro nro. 5463)

000 -LEADER
fixed length control field 01512nab a22002297a 4500
003 - CONTROL NUMBER IDENTIFIER
control field OSt
005 - DATE AND TIME OF LATEST TRANSACTION
control field 20251113113138.0
008 - FIXED-LENGTH DATA ELEMENTS--GENERAL INFORMATION
fixed length control field 190604e xxu||||| |||| 00| 0 spa d
040 ## - CATALOGING SOURCE
Transcribing agency PJ
100 ## - MAIN ENTRY--PERSONAL NAME
9 (RLIN) 6466
Personal name Cardoso, Nicolás E.
245 13 - TITLE STATEMENT
Title El decreto 149/2025 PEN. Implicaciones en la negociación colectiva y su compatibilidad con la doctrina de la OIT /
Statement of responsibility, etc Nicolás E. Cardoso.
260 ## - PUBLICATION, DISTRIBUTION, ETC. (IMPRINT)
Place of publication, distribution, etc Ciudad Autónoma de Buenos Aires :
Name of publisher, distributor, etc Thomson Reuters La Ley,
Date of publication, distribution, etc 2025.
300 ## - PHYSICAL DESCRIPTION
Extent p. 60-64
500 ## - GENERAL NOTE
General note Cita Online: TR LALEY AR/DOC/864/2025.<br/>
505 ## - FORMATTED CONTENTS NOTE
Title Sumario: I. Introducción.— II. Los aportes solidarios en la doctrina de la OIT.— III. La doctrina de la OIT sobre la negociación colectiva libre y voluntaria.— IV. La doctrina de la OIT respecto a los principios generales de la intervención de las autoridades públicas en la negociación colectiva.— V. La doctrina de la OIT respecto a intervenciones administrativas que suspenden convenios colectivos o que imponen su renegociación.— VI. El dec. 149/2025 PEN y sus puntos de tensión con la doctrina de la OIT.— VII. Conclusiones.<br/><br/>
505 ## - FORMATTED CONTENTS NOTE
Title ¿Te interesa el texto completo? Solicitalo al correo: koha@justierradelfuego.gov.ar
650 #0 - SUBJECT ADDED ENTRY--TOPICAL TERM
9 (RLIN) 1316
Topical term or geographic name as entry element DERECHO LABORAL
650 #0 - SUBJECT ADDED ENTRY--TOPICAL TERM
9 (RLIN) 1367
Topical term or geographic name as entry element ASOCIACIONES SINDICALES
650 #0 - SUBJECT ADDED ENTRY--TOPICAL TERM
9 (RLIN) 1346
Topical term or geographic name as entry element NEGOCIACION COLECTIVA
773 0# - HOST ITEM ENTRY
Host Biblionumber 2714
Host Itemnumber 3171
Place, publisher, and date of publication Ciudad Autónoma de Buenos Aires : Thomson Reuters La Ley, 2014-
Title Revista anales de legislación argentina. Nº 6 - Junio 2025.
942 ## - ADDED ENTRY ELEMENTS (KOHA)
Source of classification or shelving scheme
Koha item type Analítica Artículo de Revista

No hay ítems disponibles.

12 de Octubre 789 Ushuaia - Tel:  54(02901)441571
Horario de Atención: 8.00 a 17.00 hs. 
bibliotecaush@justierradelfuego.gov.ar
koha@justierradelfuego.gov.ar
Seguinos en nuestras redes @bibliojustdf 

Con tecnología Koha